000 00507nam a22001937a 4500
003 OSt
005 20180116183029.0
008 151217b xxu||||| |||| 00| 0 eng d
020 _a02-613-2006-1
024 _202-613-2006-1
040 _cLahore LUMS
082 _a 174.4 LUM 2006
100 _aHaroon O
245 _aZARRAR SHAHEED TRUST HOSPITAL
_cHaroon O
260 _aLahore LUMS
_b174.4 LUM 2006
_c2006
300 _a12 p.
_bPapers
440 _aZARRAR SHAHEED TRUST HOSPITAL
942 _2ddc
_cCS
999 _c350941
_d350941